[Event "19. Obert Int. Sant Marti 2017"]
[Site "Barcelona ESP"]
[Date "2017.07.20"]
[Round "8.19"]
[White "Kulkarni, Rakesh"]
[Black "Valls Marti, Artur"]
[Result "1-0"]
[WhiteElo "2288"]
[BlackElo "2140"]
[PlyCount "57"]
[EventDate "2017.07.13"]
[EventType "swiss"]
[EventRounds "9"]
[EventCountry "ESP"]
[SourceTitle "Ajedrez en Madrid"]
[Source "lmi"]
[SourceDate "2017.07.13"]
[SourceVersion "1"]
[SourceVersionDate "2019.06.21"]
[SourceQuality "1"]

1. e4 c5 2. c3 Nf6 3. e5 Nd5 4. d4 cxd4 5. Nf3 e6 6. cxd4 d6 7. Bc4 Be7 8. O-O
O-O 9. Bd2 b6 10. Qe2 Nd7 11. Nc3 Nxc3 12. Bxc3 Bb7 13. Rfd1 Rc8 14. d5 Bxd5
15. Bxd5 exd5 16. Rxd5 Rc5 17. exd6 Bf6 18. Bxf6 Qxf6 19. Rad1 Rxd5 20. Rxd5
Rc8 21. Rd1 g6 22. Qe7 Qe6 23. Ng5 Qd5 24. Re1 Nc5 25. h3 h6 26. Ne4 Nxe4 27.
d7 Rf8 28. Rxe4 Kg7 29. Qxf8+ 1-0

[Event "19. Obert Int. Sant Marti 2017"]
[Site "Barcelona ESP"]
[Date "2017.07.20"]
[Round "8.20"]
[White "Ryan, Joseph"]
[Black "Aishwin, Daniel"]
[Result "1-0"]
[WhiteElo "2284"]
[BlackElo "2031"]
[PlyCount "67"]
[EventDate "2017.07.13"]
[EventType "swiss"]
[EventRounds "9"]
[EventCountry "ESP"]
[SourceTitle "Ajedrez en Madrid"]
[Source "lmi"]
[SourceDate "2017.07.13"]
[SourceVersion "1"]
[SourceVersionDate "2019.06.21"]
[SourceQuality "1"]

1. d4 d5 2. Bf4 Nf6 3. e3 c5 4. Nc3 a6 5. dxc5 Nc6 6. Nf3 e6 7. Na4 Nd7 8. Bd6
Bxd6 9. cxd6 Nf6 10. c4 Qxd6 11. a3 O-O 12. cxd5 exd5 13. Nb6 Rb8 14. Nxc8
Rbxc8 15. Be2 Rfd8 16. Nd4 Qe5 17. O-O Nxd4 18. exd4 Qc7 19. Bd3 Qb6 20. b4 Kf8
21. Be2 Ne4 22. Re1 Nc3 23. Qd3 Nxe2+ 24. Rxe2 Qg6 25. Qd2 h6 26. h3 Rc7 27.
Rae1 Qf6 28. Re5 Rc4 29. Qe3 Kg8 30. Rd1 Rc7 31. Rc1 Rxc1+ 32. Qxc1 Qd6 33. Qc5
Kf8 34. Rxd5 1-0

[Event "19. Obert Int. Sant Marti 2017"]
[Site "Barcelona ESP"]
[Date "2017.07.20"]
[Round "8.21"]
[White "Ahmed, Sk. Nasir"]
[Black "Larsson, Anders"]
[Result "1/2-1/2"]
[WhiteElo "2221"]
[BlackElo "2276"]
[PlyCount "27"]
[EventDate "2017.07.13"]
[EventType "swiss"]
[EventRounds "9"]
[EventCountry "ESP"]
[SourceTitle "Ajedrez en Madrid"]
[Source "lmi"]
[SourceDate "2017.07.13"]
[SourceVersion "1"]
[SourceVersionDate "2019.06.21"]
[SourceQuality "1"]

1. c4 e6 2. g3 d5 3. Bg2 Nf6 4. Nf3 Be7 5. O-O O-O 6. b3 c5 7. cxd5 exd5 8. d4
Nc6 9. Bb2 cxd4 10. Nxd4 Qb6 11. Qd3 Nb4 12. Qd1 Nc6 13. Qd3 Nb4 14. Qd1
1/2-1/2

[Event "19. Obert Int. Sant Marti 2017"]
[Site "Barcelona ESP"]
[Date "2017.07.20"]
[Round "8.22"]
[White "Xu, Zhihang"]
[Black "Buchenau, Frank"]
[Result "1-0"]
[WhiteElo "2140"]
[BlackElo "2279"]
[PlyCount "107"]
[EventDate "2017.07.13"]
[EventType "swiss"]
[EventRounds "9"]
[EventCountry "ESP"]
[SourceTitle "Ajedrez en Madrid"]
[Source "lmi"]
[SourceDate "2017.07.13"]
[SourceVersion "1"]
[SourceVersionDate "2019.06.21"]
[SourceQuality "1"]

1. d4 e6 2. c4 Nf6 3. Nf3 b6 4. a3 Ba6 5. e3 d5 6. Nc3 Bd6 7. b3 O-O 8. Bd3
dxc4 9. bxc4 c5 10. O-O Nc6 11. Bb2 cxd4 12. exd4 e5 13. Nd5 Nxd5 14. dxe5 Nxe5
15. Nxe5 Nf6 16. Ng4 Be7 17. Qf3 Nxg4 18. Qxg4 g6 19. Rad1 Qc7 20. Qd4 f6 21.
Be4 Rad8 22. Bd5+ Kg7 23. Rfe1 Bd6 24. Re6 Bxh2+ 25. Kh1 Be5 26. Qe4 Bd6 27.
Qh4 Be7 28. Rde1 Rd7 29. Bc6 Bd8 30. Bxd7 Qxd7 31. c5 Bb7 32. Rd6 Qf7 33. c6
Bc8 34. Qb4 Kg8 35. Qc3 Be7 36. Rd4 h5 37. Qc4 Qxc4 38. Rxc4 Kf7 39. c7 Bc5 40.
Bd4 Bd6 41. Rc6 Be7 42. Bc3 Re8 43. Bb4 h4 44. Rc4 Bxb4 45. Rxe8 Kxe8 46. Rxb4
g5 47. Rd4 Bd7 48. f4 g4 49. f5 h3 50. g3 Ke7 51. Kh2 b5 52. Rxg4 Kd6 53. Rd4+
Kxc7 54. g4 1-0

[Event "19. Obert Int. Sant Marti 2017"]
[Site "Barcelona ESP"]
[Date "2017.07.20"]
[Round "8.23"]
[White "Perez Mitjans, Orelvis"]
[Black "Capellades Subirana, Marc"]
[Result "1-0"]
[WhiteElo "2407"]
[BlackElo "2237"]
[PlyCount "55"]
[EventDate "2017.07.13"]
[EventType "swiss"]
[EventRounds "9"]
[EventCountry "ESP"]
[SourceTitle "Ajedrez en Madrid"]
[Source "lmi"]
[SourceDate "2017.07.13"]
[SourceVersion "1"]
[SourceVersionDate "2019.06.21"]
[SourceQuality "1"]

1. e4 e5 2. Nf3 Nc6 3. Bc4 Bc5 4. d3 Nf6 5. Nbd2 d6 6. a4 a6 7. c3 O-O 8. O-O
Be6 9. b4 Ba7 10. Re1 Nh5 11. Nf1 Nf4 12. Ne3 h6 13. Nd5 Bxd5 14. exd5 Ne7 15.
Bxf4 exf4 16. d4 Qd7 17. Qd2 g5 18. h4 f6 19. Re6 Rf7 20. Qc2 Kh8 21. hxg5 hxg5
22. Rae1 Ng8 23. Qf5 Rh7 24. Bd3 Rh6 25. Nxg5 Qg7 26. Nh3 Rf8 27. Nxf4 Rf7 28.
Ng6+ 1-0

[Event "19. Obert Int. Sant Marti 2017"]
[Site "Barcelona ESP"]
[Date "2017.07.20"]
[Round "8.24"]
[White "Gonzales, Jayson"]
[Black "Mendonca, Leon Luke"]
[Result "1/2-1/2"]
[WhiteElo "2399"]
[BlackElo "2222"]
[PlyCount "86"]
[EventDate "2017.07.13"]
[EventType "swiss"]
[EventRounds "9"]
[EventCountry "ESP"]
[SourceTitle "Ajedrez en Madrid"]
[Source "lmi"]
[SourceDate "2017.07.13"]
[SourceVersion "1"]
[SourceVersionDate "2019.06.21"]
[SourceQuality "1"]

1. d4 Nf6 2. Bf4 g6 3. e3 Bg7 4. Nf3 O-O 5. Be2 d6 6. h3 Nc6 7. O-O Nd7 8. c4
e5 9. Bh2 Kh8 10. Nc3 f5 11. Rc1 h6 12. a3 g5 13. dxe5 dxe5 14. b4 e4 15. Nd4
Nxd4 16. exd4 Nf6 17. Be5 c6 18. Qc2 Qe7 19. Rfd1 Bd7 20. a4 Be8 21. b5 Bg6 22.
bxc6 bxc6 23. Rb1 Bh7 24. a5 f4 25. a6 Qe6 26. Rb7 f3 27. Bf1 g4 28. Qd2 fxg2
29. Bxg2 gxh3 30. Bf1 Qg4+ 31. Bg3 Nh5 32. Be2 Qf5 33. Qe3 c5 34. Nb5 Nxg3 35.
fxg3 h2+ 36. Kg2 cxd4 37. Nxd4 Qf6 38. Nb5 Qxa6 39. Rdd7 Qa1 40. Kxh2 Qe1 41.
Kg2 Rf3 42. Rxg7 Rxe3 43. Rxh7+ Kg8 1/2-1/2

[Event "19. Obert Int. Sant Marti 2017"]
[Site "Barcelona ESP"]
[Date "2017.07.20"]
[Round "8.25"]
[White "Grafl, Florian"]
[Black "Frayna, Janelle Mae"]
[Result "1/2-1/2"]
[WhiteElo "2374"]
[BlackElo "2235"]
[PlyCount "88"]
[EventDate "2017.07.13"]
[EventType "swiss"]
[EventRounds "9"]
[EventCountry "ESP"]
[SourceTitle "Ajedrez en Madrid"]
[Source "lmi"]
[SourceDate "2017.07.13"]
[SourceVersion "1"]
[SourceVersionDate "2019.06.21"]
[SourceQuality "1"]

1. b3 e5 2. Bb2 Nc6 3. e3 Nf6 4. h3 a6 5. Nf3 e4 6. Ne5 Nxe5 7. Bxe5 d6 8. Bb2
d5 9. c4 dxc4 10. Bxc4 Be7 11. Qc2 Bf5 12. Nc3 Bg6 13. g4 h6 14. Bf1 Qd6 15.
Bg2 O-O-O 16. O-O-O Qc6 17. Ne2 Qxc2+ 18. Kxc2 h5 19. Nf4 hxg4 20. Bxf6 gxf6
21. hxg4 Rxh1 22. Rxh1 Bb4 23. Rd1 f5 24. gxf5 Bxf5 25. Bh3 Bxh3 26. Nxh3 Rh8
27. Ng5 f5 28. Ne6 Rh2 29. Rf1 Kd7 30. Ng7 f4 31. exf4 Bc5 32. Re1 Rh7 33. Nf5
Rf7 34. Ne3 Rxf4 35. Re2 b5 36. Nd1 Kd6 37. d3 exd3+ 38. Kxd3 Rd4+ 39. Kc2 Rf4
40. Kc3 a5 41. Kc2 Rd4 42. Rd2 Rxd2+ 43. Kxd2 Kd5 44. Kd3 c6 1/2-1/2

[Event "19. Obert Int. Sant Marti 2017"]
[Site "Barcelona ESP"]
[Date "2017.07.20"]
[Round "8.26"]
[White "Perpinya Rofes, Lluis Maria"]
[Black "Carrasco Rodriguez, Jesus"]
[Result "1-0"]
[WhiteElo "2352"]
[BlackElo "2181"]
[PlyCount "69"]
[EventDate "2017.07.13"]
[EventType "swiss"]
[EventRounds "9"]
[EventCountry "ESP"]
[SourceTitle "Ajedrez en Madrid"]
[Source "lmi"]
[SourceDate "2017.07.13"]
[SourceVersion "1"]
[SourceVersionDate "2019.06.21"]
[SourceQuality "1"]

1. e4 Nf6 2. e5 Nd5 3. d4 d6 4. Nf3 dxe5 5. Nxe5 c6 6. Be2 Bf5 7. O-O Nd7 8.
Nf3 e6 9. c4 N5f6 10. Nc3 Bd6 11. d5 cxd5 12. cxd5 e5 13. Nh4 Bg6 14. Nxg6 hxg6
15. Bg5 O-O 16. Rc1 a6 17. Qd2 Qb8 18. Rfe1 Nh7 19. Ne4 f5 20. Nxd6 Qxd6 21. f3
Kh8 22. Bh4 Rac8 23. Bf2 Ndf6 24. Bc4 Rfe8 25. b4 b6 26. Bxa6 Rxc1 27. Rxc1
Qxd5 28. Qxd5 Nxd5 29. Bb5 Rb8 30. a3 Nhf6 31. Rc6 e4 32. fxe4 Nxe4 33. Bd4 Ne7
34. Rc7 Rd8 35. Rd7 1-0

[Event "19. Obert Int. Sant Marti 2017"]
[Site "Barcelona ESP"]
[Date "2017.07.20"]
[Round "8.27"]
[White "Arjun, Kalyan"]
[Black "Blasco Coll, Andreu"]
[Result "1-0"]
[WhiteElo "2347"]
[BlackElo "2144"]
[PlyCount "61"]
[EventDate "2017.07.13"]
[EventType "swiss"]
[EventRounds "9"]
[EventCountry "ESP"]
[SourceTitle "Ajedrez en Madrid"]
[Source "lmi"]
[SourceDate "2017.07.13"]
[SourceVersion "1"]
[SourceVersionDate "2019.06.21"]
[SourceQuality "1"]

1. e4 c6 2. d4 d5 3. Nd2 dxe4 4. Nxe4 Bf5 5. Ng3 Bg6 6. h4 h6 7. Nf3 Nd7 8. h5
Bh7 9. Bd3 Bxd3 10. Qxd3 e6 11. Bd2 Ngf6 12. O-O-O Be7 13. Kb1 O-O 14. Ne4 Nxe4
15. Qxe4 Nf6 16. Qe2 Qd5 17. Be3 Bd6 18. Nh4 Rfe8 19. g4 e5 20. dxe5 Qxe5 21.
Rhg1 Nd5 22. Nf3 Qe6 23. g5 Bf4 24. Nd4 Qe4 25. gxh6 Bxe3 26. fxe3 Nxe3 27.
Rxg7+ Kh8 28. Qf2 f5 29. Qg1 f4 30. Qg5 Rad8 31. Rh7+ 1-0

[Event "19. Obert Int. Sant Marti 2017"]
[Site "Barcelona ESP"]
[Date "2017.07.20"]
[Round "8.28"]
[White "Kyrkjebo, Erlend"]
[Black "Dhulipalla, Bala Chandra Prasad"]
[Result "0-1"]
[WhiteElo "2085"]
[BlackElo "2335"]
[PlyCount "78"]
[EventDate "2017.07.13"]
[EventType "swiss"]
[EventRounds "9"]
[EventCountry "ESP"]
[SourceTitle "Ajedrez en Madrid"]
[Source "lmi"]
[SourceDate "2017.07.13"]
[SourceVersion "1"]
[SourceVersionDate "2019.06.21"]
[SourceQuality "1"]

1. e4 e5 2. Nf3 Nc6 3. Nc3 Nf6 4. a3 d5 5. Bb5 Nxe4 6. Qe2 Qd6 7. Nxe4 dxe4 8.
Qxe4 Bd7 9. O-O O-O-O 10. Bxc6 Bxc6 11. Qxe5 Qg6 12. Qg3 Bd6 13. Qh3+ Bd7 14.
Qh4 Bg4 15. Ng5 Be2 16. Re1 Rhe8 17. d3 h6 18. Ne4 Bf3 19. Qh3+ Bg4 20. Qh4 Be5
21. Be3 f5 22. h3 fxe4 23. Qxg4+ Qxg4 24. hxg4 Bxb2 25. Rab1 Bxa3 26. Rb3 Bf8
27. Ra1 exd3 28. Rxa7 dxc2 29. Ra8+ Kd7 30. Rxd8+ Rxd8 31. Rc3 c5 32. Rxc2 Kc6
33. g5 hxg5 34. Bxg5 Rd1+ 35. Kh2 b5 36. g4 c4 37. f4 Kd5 38. f5 b4 39. Bd2 b3
0-1

[Event "19. Obert Int. Sant Marti 2017"]
[Site "Barcelona ESP"]
[Date "2017.07.20"]
[Round "8.29"]
[White "Chernyak, Viktoria"]
[Black "Asensio Linan, Teodoro"]
[Result "1-0"]
[WhiteElo "2251"]
[BlackElo "2126"]
[PlyCount "79"]
[EventDate "2017.07.13"]
[EventType "swiss"]
[EventRounds "9"]
[EventCountry "ESP"]
[SourceTitle "Ajedrez en Madrid"]
[Source "lmi"]
[SourceDate "2017.07.13"]
[SourceVersion "1"]
[SourceVersionDate "2019.06.21"]
[SourceQuality "1"]

1. Nf3 Nf6 2. c4 e6 3. Nc3 d5 4. e3 Be7 5. Be2 a6 6. b3 b6 7. cxd5 Nxd5 8. Bb2
Bf6 9. Qc2 Bb7 10. Rc1 Ra7 11. d4 Nd7 12. O-O O-O 13. Rfd1 Qa8 14. Ne4 Nb4 15.
Nxf6+ Nxf6 16. Qd2 Nbd5 17. Ne5 a5 18. f3 Nb4 19. a3 Nc6 20. Bb5 Nxe5 21. dxe5
Nd5 22. e4 c6 23. Bf1 Ne7 24. Qd6 Bc8 25. Qd8 Nd5 26. Qh4 Ne7 27. Rd6 Qb8 28.
f4 c5 29. Bb5 Qc7 30. Rcd1 Ng6 31. Qf2 f6 32. exf6 gxf6 33. Qg3 Qe7 34. h4 Kf7
35. f5 exf5 36. Rxf6+ Qxf6 37. Bxf6 Kxf6 38. exf5 Bxf5 39. Rd6+ Ke7 40. h5 1-0

[Event "19. Obert Int. Sant Marti 2017"]
[Site "Barcelona ESP"]
[Date "2017.07.20"]
[Round "8.30"]
[White "Deshmukh, Anup"]
[Black "Vignesh, B."]
[Result "0-1"]
[WhiteElo "2241"]
[BlackElo "2124"]
[PlyCount "106"]
[EventDate "2017.07.13"]
[EventType "swiss"]
[EventRounds "9"]
[EventCountry "ESP"]
[SourceTitle "Ajedrez en Madrid"]
[Source "lmi"]
[SourceDate "2017.07.13"]
[SourceVersion "1"]
[SourceVersionDate "2019.06.21"]
[SourceQuality "1"]

1. c4 c5 2. Nf3 Nc6 3. Nc3 g6 4. d4 cxd4 5. Nxd4 Bg7 6. Nc2 Nf6 7. e4 d6 8. Be2
O-O 9. O-O b6 10. Be3 Bb7 11. Qd2 Rc8 12. f3 Re8 13. Rfd1 Qc7 14. Rac1 Qb8 15.
Bf1 Red8 16. Bh6 Bh8 17. Ne3 e6 18. Qf2 Nh5 19. Rd2 Ba6 20. Rcd1 Na5 21. g4 Nf6
22. Bg5 Rd7 23. Nb5 Bxb5 24. cxb5 Ne8 25. Bf4 Nb7 26. g5 Rdc7 27. Qe1 Rc5 28.
Ng4 Rc2 29. e5 Rxd2 30. Rxd2 Qc7 31. exd6 Nbxd6 32. Kg2 Qe7 33. h4 Nf5 34. Be5
Bxe5 35. Qxe5 Nxh4+ 36. Kh3 Nf5 37. f4 Rd8 38. Rc2 Qd7 39. Rc3 Qd1 40. Qe2 Qd4
41. Qf3 Qd2 42. Bd3 Qxb2 43. Bxf5 exf5 44. Nh6+ Kf8 45. Rb3 Qc1 46. Qb7 Qf1+
47. Qg2 Qxf4 48. Rf3 Qe4 49. Qf1 Rd4 50. Kg2 Rd2+ 51. Kh3 Nc7 52. Rg3 Ne6 53.
Qc1 Nf4+ 0-1

[Event "19. Obert Int. Sant Marti 2017"]
[Site "Barcelona ESP"]
[Date "2017.07.20"]
[Round "8.31"]
[White "Gonzalez Saguillo, Oriol"]
[Black "Glimbrant, Torbjorn"]
[Result "1/2-1/2"]
[WhiteElo "2077"]
[BlackElo "2238"]
[PlyCount "67"]
[EventDate "2017.07.13"]
[EventType "swiss"]
[EventRounds "9"]
[EventCountry "ESP"]
[SourceTitle "Ajedrez en Madrid"]
[Source "lmi"]
[SourceDate "2017.07.13"]
[SourceVersion "1"]
[SourceVersionDate "2019.06.21"]
[SourceQuality "1"]

1. d4 Nf6 2. c4 g6 3. Nc3 d5 4. Bg5 Ne4 5. Bh4 Nxc3 6. bxc3 dxc4 7. Qa4+ Qd7 8.
Qxc4 b6 9. Nf3 Ba6 10. Qb3 Nc6 11. Qa4 Na5 12. Qxd7+ Kxd7 13. e3 Bxf1 14. Rxf1
f6 15. Bg3 e6 16. O-O-O Rc8 17. Kb1 Be7 18. Nd2 Rhd8 19. Nb3 Nc4 20. Nd2 Nxd2+
21. Rxd2 Ke8 22. Rfd1 c5 23. d5 Rxd5 24. Rxd5 exd5 25. Rxd5 c4 26. a4 Rc5 27.
Rd4 Rc6 28. Rd5 a6 29. e4 Rc5 30. Rd4 b5 31. Bd6 Rc6 32. Bxe7 Kxe7 33. axb5
axb5 34. Kb2 1/2-1/2

[Event "19. Obert Int. Sant Marti 2017"]
[Site "Barcelona ESP"]
[Date "2017.07.20"]
[Round "8.32"]
[White "Chernikov, Vladimir"]
[Black "Gutierrez Olivares, Daniel"]
[Result "0-1"]
[WhiteElo "2079"]
[BlackElo "2352"]
[PlyCount "58"]
[EventDate "2017.07.13"]
[EventType "swiss"]
[EventRounds "9"]
[EventCountry "ESP"]
[SourceTitle "Ajedrez en Madrid"]
[Source "lmi"]
[SourceDate "2017.07.13"]
[SourceVersion "1"]
[SourceVersionDate "2019.06.21"]
[SourceQuality "1"]

1. Nf3 Nf6 2. b3 e6 3. Bb2 c5 4. e3 b6 5. d4 Bb7 6. Bd3 Be7 7. O-O O-O 8. c4 d6
9. Nbd2 Nbd7 10. Rc1 Qc7 11. Bb1 Rfe8 12. Qc2 Nf8 13. e4 cxd4 14. Nxd4 Ng6 15.
f4 e5 16. Nf5 Qc5+ 17. Kh1 Ng4 18. fxe5 dxe5 19. Nf3 Bf8 20. a3 a5 21. Ng5 f6
22. Qe2 h5 23. Nh3 Rad8 24. Ng3 Bc8 25. Nxh5 Qe3 26. Qxe3 Nxe3 27. Rfe1 Nxg2
28. Rg1 Bxh3 29. Rc3 N6f4 0-1

[Event "19. Obert Int. Sant Marti 2017"]
[Site "Barcelona ESP"]
[Date "2017.07.20"]
[Round "8.33"]
[White "Debarshi, Mukherjee"]
[Black "Gil Quilez, Sonia"]
[Result "1-0"]
[WhiteElo "2301"]
[BlackElo "2158"]
[PlyCount "63"]
[EventDate "2017.07.13"]
[EventType "swiss"]
[EventRounds "9"]
[EventCountry "ESP"]
[SourceTitle "Ajedrez en Madrid"]
[Source "lmi"]
[SourceDate "2017.07.13"]
[SourceVersion "1"]
[SourceVersionDate "2019.06.21"]
[SourceQuality "1"]

1. c4 e6 2. g3 d5 3. Nf3 Nf6 4. b3 Be7 5. Bg2 O-O 6. O-O c5 7. Bb2 Nc6 8. e3
Qc7 9. Nc3 a6 10. cxd5 exd5 11. d4 c4 12. Ne5 Be6 13. bxc4 dxc4 14. Nxc6 bxc6
15. e4 Rfd8 16. Na4 Rab8 17. Qc2 Rb5 18. Rad1 Rh5 19. f3 Rb8 20. Bc1 Qc8 21.
Bf4 Rb7 22. Nb2 c3 23. Qxc3 Bxa2 24. d5 c5 25. d6 Bd8 26. g4 Nxg4 27. d7 Rxd7
28. fxg4 Rh4 29. Rxd7 Qxd7 30. Rd1 Qc8 31. h3 g5 32. Qe5 1-0

[Event "19. Obert Int. Sant Marti 2017"]
[Site "Barcelona ESP"]
[Date "2017.07.20"]
[Round "8.34"]
[White "Guix Torres, David"]
[Black "Kathmale, Sameer"]
[Result "0-1"]
[WhiteElo "2055"]
[BlackElo "2294"]
[PlyCount "106"]
[EventDate "2017.07.13"]
[EventType "swiss"]
[EventRounds "9"]
[EventCountry "ESP"]
[SourceTitle "Ajedrez en Madrid"]
[Source "lmi"]
[SourceDate "2017.07.13"]
[SourceVersion "1"]
[SourceVersionDate "2019.06.21"]
[SourceQuality "1"]

1. e4 c6 2. d4 d5 3. Nc3 dxe4 4. Nxe4 Bf5 5. Nc5 b6 6. Nb3 e6 7. Nf3 Nf6 8. g3
Qd5 9. Bg2 Qe4+ 10. Be3 Qxc2 11. Qxc2 Bxc2 12. Nbd2 Bb4 13. a3 Bxd2+ 14. Nxd2
Nd5 15. O-O Kd7 16. Rfc1 Bd3 17. Nc4 Bxc4 18. Rxc4 a5 19. Rac1 Rc8 20. h4 Ra7
21. h5 Rac7 22. Be4 g6 23. hxg6 hxg6 24. Kg2 c5 25. dxc5 Nxe3+ 26. fxe3 Rxc5
27. Rd4+ Ke7 28. Rcd1 f5 29. Ba8 Rc2+ 30. R1d2 Rxd2+ 31. Rxd2 Nd7 32. Bf3 Ne5
33. Be2 Nc4 34. Bxc4 Rxc4 35. Kf3 g5 36. Ke2 Kf6 37. b3 Rc3 38. Rb2 b5 39. Kd2
b4 40. Rb1 Ke5 41. g4 Ke4 42. axb4 axb4 43. Rg1 Rd3+ 44. Kc2 Rxe3 45. gxf5 Kxf5
46. Ra1 g4 47. Ra4 g3 48. Ra8 Kg4 49. Rg8+ Kf3 50. Rf8+ Ke2 51. Ra8 g2 52. Ra2
g1=Q 53. Ra1 Qg6+ 0-1

[Event "19. Obert Int. Sant Marti 2017"]
[Site "Barcelona ESP"]
[Date "2017.07.20"]
[Round "8.35"]
[White "Chakravarthy, Y V K."]
[Black "Miranda Llanes, Yerisbel"]
[Result "1/2-1/2"]
[WhiteElo "2006"]
[BlackElo "2285"]
[PlyCount "55"]
[EventDate "2017.07.13"]
[EventType "swiss"]
[EventRounds "9"]
[EventCountry "ESP"]
[SourceTitle "Ajedrez en Madrid"]
[Source "lmi"]
[SourceDate "2017.07.13"]
[SourceVersion "1"]
[SourceVersionDate "2019.06.21"]
[SourceQuality "1"]

1. d4 d5 2. Bf4 Nf6 3. e3 c5 4. c3 Nc6 5. Nd2 cxd4 6. exd4 Qb6 7. Qb3 Qxb3 8.
axb3 Nh5 9. Be3 g6 10. Be2 Nf6 11. b4 b6 12. Ngf3 e6 13. Bf4 Nd7 14. O-O Bb7
15. Ra2 f6 16. Bb5 g5 17. Bg3 h5 18. h4 g4 19. Ne1 Bh6 20. Nb3 Ke7 21. Nc2 a6
22. Bd3 f5 23. f4 b5 24. Be1 Kf7 25. g3 Bf8 26. Bd2 Bd6 27. Rfa1 Rhc8 28. Kh2
1/2-1/2

[Event "19. Obert Int. Sant Marti 2017"]
[Site "Barcelona ESP"]
[Date "2017.07.20"]
[Round "8.36"]
[White "Yao, Lan"]
[Black "Abhilash, Reddy M.L."]
[Result "1/2-1/2"]
[WhiteElo "2273"]
[BlackElo "2133"]
[PlyCount "146"]
[EventDate "2017.07.13"]
[EventType "swiss"]
[EventRounds "9"]
[EventCountry "ESP"]
[SourceTitle "Ajedrez en Madrid"]
[Source "lmi"]
[SourceDate "2017.07.13"]
[SourceVersion "1"]
[SourceVersionDate "2019.06.21"]
[SourceQuality "1"]

1. e4 c5 2. Nf3 Nc6 3. d4 cxd4 4. Nxd4 e5 5. Nb5 d6 6. c4 a6 7. N5c3 Be7 8. Na3
f5 9. exf5 Bxf5 10. Bd3 Be6 11. O-O Nf6 12. Ne4 Nxe4 13. Bxe4 Qd7 14. Qd3 g6
15. Bh6 Bf5 16. f3 Qe6 17. Qd2 Bxe4 18. fxe4 Nd4 19. Be3 Bf6 20. Bxd4 exd4 21.
Nc2 O-O 22. Qd3 Rac8 23. b3 Qe5 24. Rad1 b5 25. Nb4 bxc4 26. bxc4 Bg7 27. Nd5
Kh8 28. Rde1 Rxf1+ 29. Rxf1 Re8 30. Re1 Rf8 31. Rb1 Qg5 32. g3 Qg4 33. Kg2 Qd7
34. Nf4 Be5 35. Rf1 Bg7 36. Nd5 Rb8 37. Rf2 a5 38. Nf6 Qe6 39. Nd5 Qd7 40. Qa3
Qe6 41. Re2 Rc8 42. Qb3 Qe8 43. Qd3 Qc6 44. Rb2 Be5 45. Rc2 Qe8 46. Rf2 Bg7 47.
Nf4 Qf7 48. Nd5 Qe8 49. Rb2 a4 50. Nb6 Rc7 51. Nd5 Rc8 52. Rb7 Rb8 53. Nc7 Qc8
54. Rxb8 Qxb8 55. Nb5 Be5 56. Qa3 Qb7 57. Qf3 Kg7 58. Kf2 Qc8 59. Qd3 Qc5 60.
a3 h5 61. Ke2 Qb6 62. Qd2 Qb7 63. Kd3 Qf7 64. Qg2 Qf6 65. Ke2 Qe6 66. Kd3 Qf6
67. Nc7 Qf7 68. Nd5 Qb7 69. Nb4 Qf7 70. Qe2 g5 71. Nc6 Qb7 72. Nb4 Qf7 73. Qg2
g4 1/2-1/2

[Event "19. Obert Int. Sant Marti 2017"]
[Site "Barcelona ESP"]
[Date "2017.07.20"]
[Round "8.37"]
[White "Minko, Dmitry"]
[Black "Neffe, Axel"]
[Result "0-1"]
[WhiteElo "1987"]
[BlackElo "2257"]
[PlyCount "62"]
[EventDate "2017.07.13"]
[EventType "swiss"]
[EventRounds "9"]
[EventCountry "ESP"]
[SourceTitle "Ajedrez en Madrid"]
[Source "lmi"]
[SourceDate "2017.07.13"]
[SourceVersion "1"]
[SourceVersionDate "2019.06.21"]
[SourceQuality "1"]

1. Nf3 f5 2. c4 Nf6 3. d4 e6 4. Bf4 Bb4+ 5. Nc3 Bxc3+ 6. bxc3 d6 7. e3 Qe7 8.
Be2 O-O 9. O-O b6 10. Qb3 Nc6 11. Bg5 Ba6 12. Nd2 Na5 13. Qa3 c5 14. Qa4 Qe8
15. Qxe8 Raxe8 16. Bxf6 gxf6 17. Rfe1 cxd4 18. cxd4 Rc8 19. Rac1 Rc7 20. Kf1
Rfc8 21. c5 Bxe2+ 22. Kxe2 dxc5 23. dxc5 Rxc5 24. Rxc5 Rxc5 25. Kd3 Nc6 26. Nb3
Nb4+ 27. Ke2 Rc2+ 28. Kf3 Nd3 29. Rd1 Nxf2 30. e4 fxe4+ 31. Ke3 Nxd1+ 0-1

[Event "19. Obert Int. Sant Marti 2017"]
[Site "Barcelona ESP"]
[Date "2017.07.20"]
[Round "8.38"]
[White "Franco Valencia, Angela"]
[Black "Lacasta Palacio, Joaquim"]
[Result "1-0"]
[WhiteElo "2214"]
[BlackElo "2092"]
[PlyCount "91"]
[EventDate "2017.07.13"]
[EventType "swiss"]
[EventRounds "9"]
[EventCountry "ESP"]
[SourceTitle "Ajedrez en Madrid"]
[Source "lmi"]
[SourceDate "2017.07.13"]
[SourceVersion "1"]
[SourceVersionDate "2019.06.21"]
[SourceQuality "1"]

1. e4 c5 2. Nf3 Nc6 3. d4 cxd4 4. Nxd4 e6 5. Nc3 Qc7 6. g3 a6 7. Bg2 Nf6 8. O-O
Nxd4 9. Qxd4 Bc5 10. Qd1 d6 11. Bf4 Bd7 12. a3 Ke7 13. b4 Ba7 14. Qd2 h6 15.
Rac1 Rac8 16. Nd1 e5 17. Be3 b5 18. c4 bxc4 19. Rc3 Rhd8 20. Bxa7 Qxa7 21. Ne3
Be6 22. Rfc1 Rc7 23. Nd5+ Bxd5 24. exd5 Qb6 25. Rxc4 Rxc4 26. Rxc4 Qb5 27. Rc6
Qa4 28. Qc1 Ra8 29. Rc7+ Kf8 30. h4 Ne8 31. Rb7 Kg8 32. Rb6 a5 33. b5 Qd4 34.
Rc6 Kh7 35. Rc4 Qb6 36. a4 Rd8 37. Qc2+ g6 38. h5 Kg7 39. hxg6 fxg6 40. Bh3 h5
41. Be6 Nf6 42. Rc7+ Kh6 43. Rf7 Ng4 44. Bxg4 hxg4 45. Qc1+ g5 46. Rf6+ 1-0

[Event "19. Obert Int. Sant Marti 2017"]
[Site "Barcelona ESP"]
[Date "2017.07.20"]
[Round "8.39"]
[White "Dardha, Daniel"]
[Black "Amer, Said Salim Al Maash"]
[Result "1-0"]
[WhiteElo "2212"]
[BlackElo "2025"]
[PlyCount "59"]
[EventDate "2017.07.13"]
[EventType "swiss"]
[EventRounds "9"]
[EventCountry "ESP"]
[SourceTitle "Ajedrez en Madrid"]
[Source "lmi"]
[SourceDate "2017.07.13"]
[SourceVersion "1"]
[SourceVersionDate "2019.06.21"]
[SourceQuality "1"]

1. d4 Nf6 2. c4 e6 3. g3 c5 4. Nf3 cxd4 5. Nxd4 Nc6 6. Bg2 Bc5 7. Nb3 Bb4+ 8.
Bd2 d5 9. cxd5 exd5 10. Bxb4 Nxb4 11. O-O O-O 12. Nc3 Bf5 13. Nd4 Bg4 14. h3
Bd7 15. Qb3 Qa5 16. a3 Nc6 17. Rfd1 Nxd4 18. Rxd4 Be6 19. Rad1 Rab8 20. Kh2 Qc5
21. e3 Qc8 22. Nxd5 Nxd5 23. Bxd5 Bxh3 24. Rc4 Qf5 25. Rf4 Qc8 26. Bxf7+ Kh8
27. Rh4 Bf5 28. Rc4 Bc2 29. Rxc8 Bxb3 30. Rxb8 1-0